000 00793nam a22001337a 4500
040 _cRUA
082 _aLMA SEN 2024 B1-398 Or.1
100 _aSEN KONGHIM សេន គង់ហ៊ីម
245 _aSTUDY ON LAND TENURE SECURITY IN CHOBVARY COMMUNE, PREAH NETR PREAH DISTRICT, BANTEAY MEANCHEY PROVINCE សិក្សាអំពីសុវត្ថិភាពនៃការកាន់កាប់ដីធ្លីរបស់ប្រជាពលរដ្ឋនៅឃុំជប់វារី ស្រុកព្រះនេត្រព្រះ ខេត្តបន្ទាយមានជ័យ
260 _aRUA
_bPHNOM PENH
_c2024
300 _axi
_bill
_c29cm
856 _uhttps://drive.google.com/file/d/1XU53r7f0Tj1krl-OtfD6kc4P45vmyyQI/view?usp=sharing
942 _cLMA
999 _c24940
_d24940